000 00455nam a22001577a 4500
003 macl
005 20200121114326.0
008 200121b xxu||||| |||| 00| 0 eng d
040 _cmacl
082 _a800
100 _aपाण्‍डेय ,लक्ष्‍मी
_973848
245 _aअर्थात
260 _aदिल्‍ली
_bअनुज्ञा बुक्‍स
_c2018
650 _aआलेख
_933062
942 _2ddc
_cHIN
999 _c61854
_d61854